| 000 | 00463nam a2200181Ia 4500 | ||
|---|---|---|---|
| 003 | GCL | ||
| 008 | 140319s9999 xx 000 0 eng d | ||
| 040 |
_aGCL / _cGCL |
||
| 082 | 0 | 4 |
_a823 _bW C |
| 100 | 1 | _aWILLIAMS, TENNESSEE | |
| 245 | 1 | 0 |
_aCAT ON A HOT TIN ROOF / _cWILLIAMS, TENNESSEE |
| 260 |
_a[S.N] : _bPENGUIN BOOKS ، _c1959 |
||
| 300 | _a157 P | ||
| 650 | 0 | 4 | _aENGLISH LITERATURE |
| 650 | 0 | 4 | _aENGLISH FICTION |
| 650 | 0 | 4 | _aFICTIONS |
| 942 |
_2ddc _cBK |
||
| 999 |
_c15173 _d15173 |
||